00483nam a2200193 a 4500001001300000003000900013005001700022008004100039020001000080082001600090100001000106245005300116260003100169300000800200500003500208505001000243650002600253700001000279nice12345678IN_TiNIC20260116015400.0120111s2011 dela grp 000 0 eng  ac10000a303.61bHMI aHmi,  aManual for Facilitating Peace Building Processes aDelhi bMedia House c2011 a53p aincludes index and biblioraphy2 aIndex aPeace Building-Manual1 aHmi,